<?xml version="1.0" encoding="UTF-8"?>
<collection xmlns="http://www.loc.gov/MARC21/slim">
<record>
  <controlfield tag="001">2653</controlfield>
  <controlfield tag="005">20160701171708.0</controlfield>
  <datafield tag="037" ind1=" " ind2=" ">
    <subfield code="a">ASTROimport-810</subfield>
  </datafield>
  <datafield tag="100" ind1=" " ind2=" ">
    <subfield code="a">Freyhammer, L. M.</subfield>
  </datafield>
  <datafield tag="260" ind1=" " ind2=" ">
    <subfield code="c">2006</subfield>
  </datafield>
  <datafield tag="245" ind1=" " ind2=" ">
    <subfield code="a">The oscillation modes of the beta  Cephei star in HD 92024 in the open cluster NGC 3293 .</subfield>
  </datafield>
  <datafield tag="520" ind1=" " ind2=" ">
    <subfield code="a">The primary star of the binary HD 92024 is a prominent beta  Cephei variable; three oscillation frequencies are known, it is an eclipsing binary component and has cluster membership (NGC 3293). Towards asteroseismic inferences of the star's three known oscillation frequencies, we use photometry and spectroscopy to find that f_1=5.6400 ;c d-1, f_2=7.1624 ;c d-1 and f_3=6.6584 ;c d-1 are modes of degree l=2, 4 and 2 respectively, all with m≠0. We also find that by combining pulsational information from several spectral lines, we suppress the noise and improve the mode-identification process. In conclusion, HD 92024 is a key object to be subjected to a seismic analysis. </subfield>
  </datafield>
  <datafield tag="700" ind1=" " ind2=" ">
    <subfield code="a"> Hensberge, H.</subfield>
  </datafield>
  <datafield tag="700" ind1=" " ind2=" ">
    <subfield code="a"> Sterken, C.</subfield>
  </datafield>
  <datafield tag="700" ind1=" " ind2=" ">
    <subfield code="a"> De Cat, P.</subfield>
  </datafield>
  <datafield tag="700" ind1=" " ind2=" ">
    <subfield code="a"> Aerts, C.</subfield>
  </datafield>
  <datafield tag="773" ind1=" " ind2=" ">
    <subfield code="p">Memorie della Societa Astronomica Italiana</subfield>
    <subfield code="v">77</subfield>
    <subfield code="y">2006</subfield>
    <subfield code="c">334</subfield>
  </datafield>
  <datafield tag="856" ind1="4" ind2="2">
    <subfield code="a">http://esoads.eso.org/abs/2006MmSAI..77..334F</subfield>
  </datafield>
  <datafield tag="905" ind1=" " ind2=" ">
    <subfield code="a">published in</subfield>
  </datafield>
  <datafield tag="980" ind1=" " ind2=" ">
    <subfield code="a">NONREF</subfield>
  </datafield>
</record>
</collection>